Logo BPK

Biblioteka

Politechniki Koszalińskiej

Engels / (Rekord nr 11999)

Szczegóły MARC
000 -ETYKIETA REKORDU
podpole kontrolne o stałej długości 01062nam a2200289 i 4500
001 - NUMER KONTROLNY REKORDU
pole kontrolne 11999
003 - IDENTYFIKATOR NUMERU KONTROLNEGO REKORDU
podpole kontrolne KOSZ 005
005 - DATA OSTATNIEJ MODYFIKACJI REKORDU
podpole kontrolne 20231109062807.0
008 - POLE O STAŁEJ DŁUGOŚCI - DANE KONTROLNE
podpole kontrolne o stałej długości 080317s1964 pl a f 000 0 pol
015 ## - NUMER BIBLIOGRAFII NARODOWEJ
Numer bibliografii narodowej PB 1965/324
040 ## - ŹRÓDŁO KATALOGOWANIA
Instytucja, która sporządziła opis WA N
Instytucja, która utworzyła rekord KOSZ 005/KK
Instytucja, która dokonała modyfikacji KOSZ 005/KK
041 1# - KOD JĘZYKA
Kod języka tekstu pol
Kod języka oryginału ger
080 ## - UNIWERSALNA KLASYFIKACJA DZIESIĘTNA - UKD
UKD 335.5+92
100 1# - NAZWA OSOBOWA
Nazwa osobowa Amsterdamski, Stefan
Daty związane z nazwą (1929-2005)
Określenie rodzaju współpracy Autor
245 10 - TYTUŁ/ODPOWIEDZIALNOŚĆ
Tytuł Engels /
Pozostałe elementy strefy tytułu i oznaczenia odpowiedzialności Stefan Amsterdamski.
260 ## - STREFA ADRESU WYDAWNICZEGO
Miejsce wydania Warszawa :
Nazwa wydawcy/dystrybutora "Wiedza Powszechna",
Data publikacji, dystrybucji/powstania dokumentu 1964.
300 ## - STREFA OPISU FIZYCZNEGO
Objętość 274, [2] s. :
Inne cechy fizyczne il. ;
Rozmiary 18 cm.
380 ## - FORMA I TYP PUBLIKACJI
Forma i typ publikacji Książki.
490 1# - STREFA SERII I DOKUMENTU WIELOCZĘŚCIOWEGO - FORMA NIE DO WYSZUKIWANIA
Tytuł i oznaczenie odpowiedzialności serii Myśli i Ludzie. 2, Filozofia Nowożytna i Współczesna.
546 ## - UWAGA O JĘZYKU
Uwaga o języku Tekst częśc. tł. z niem.
600 14 - HASŁO PRZEDMIOTOWE W FORMIE NAZWY OSOBOWEJ
Nazwa osobowa Engels, Friedrich
Daty związane z nazwą (1820-1895)
Określenie związku między hasłem a opisywanym materiałem Autor
650 #4 - HASŁO PRZEDMIOTOWE W FORMIE NAZWY OGÓLNEJ LUB JEDNOSTKOWEJ
Nazwa ogólna lub geograficzna Marksizm
Określnik ogólny historia
Określnik geograficzny Niemcy.
710 2# - HASŁO DODATKOWE - NAZWA CIAŁA ZBIOROWEGO
Nazwa ciała zbiorowego lub jednostki geograficznej Państwowe Wydawnictwo Wiedza Powszechna
Kod określenia powiązania pbl.
856 ## - LOKALIZACJA I DOSTĘP DO ELEKTRONICZNYCH DOKUMENTÓW ZDALNYCH
Link (URL) http://koha.tu.koszalin.pl/cgi-bin/koha/opac-detail.pl?biblionumber=11999
Tekst linku Katalog online BPK
830 #0 - HASŁO DODATKOWE SERII LUB DOKUMENTU WIELOCZĘŚCIOWEGO - TYTUŁ UJEDNOLICONY
Tytuł ujednolicony Myśli i Ludzie.
Oznaczenie części/sekcji dzieła 2,
Nazwa części/sekcji dzieła Filozofia Nowożytna i Współczesna
942 ## - DODATKOWE ELEMENTY (KOHA)
Schemat klasyfikacji Uniwersalna Klasyfikacja Dziesiętna
Typ dokumentu Książka
Egzemplarze
Wycofany Status egzemplarza Uszkodzony Dostępność Lokalizacja stała Lokalizacja bieżąca Miejsce przechowywania Sygnatura Kod kreskowy Typ dokumentu
      Dostępny Biblioteka Politechniki Koszalińskiej Biblioteka Politechniki Koszalińskiej Wypożyczalnia BG 5951 02208565 Książka
      Dostępny Biblioteka Politechniki Koszalińskiej Biblioteka Politechniki Koszalińskiej Wypożyczalnia BG 5952 02208558 Książka
      Dostępny Biblioteka Politechniki Koszalińskiej Biblioteka Politechniki Koszalińskiej Wypożyczalnia BG 5953 01808049 Książka
© 2023 Biblioteka Politechniki Koszalińskiej :: KOHA